00300nam a2200121Ia 4500008004100000020001500041041001200056100001600068245003700084260003300121300000800154650001600162221030s9999 xx 000 0 und d a8126523726 aEnglish aB. Sosinsky 0aNetworking Biblecby B. Sosinsky bWilley Pub.aNew Delhic2010 a890 aBE Computer